Mandibular Langerhans cell histiocytosis in an adult

Bibliographic Details
Main Author: Zajko, Juraj, 1957- (Author)
Format: Article
Language:English

MARC

LEADER 00000nab a2200000uu 4500
001 vtls011498457
003 SK-MaSNL
005 20260303205333.0
008 230214|2013 xo |||||||||||||||||eng|
015 |a SNBRB 
035 |a (urnnbn)urn:nbn:sk:snk:ar-a0a6ir 
035 |a (uuid)83cee20c-3795-42a3-b8ef-2d1c7be99e97 
035 |a urn:nbn:sk:snk-abdths 
040 |a SNKBUCL  |b slo  |c SNKBUCL  |e AACR2 
041 0 |a eng 
044 |a xo  |c SK 
100 1 |a Zajko, Juraj,  |d 1957-  |4 aut  |9 237681 
245 1 0 |a Mandibular Langerhans cell histiocytosis in an adult  |c J. Zajko 
773 0 |t Bratislavské lekárske listy  |g Roč. 114, č. 8 (2013), s. 488-490 
958 |a OND 
958 |a EUIPO 
958 |a article20 
999 |c 2194813  |d 2196743